Cultura y democracia / (Registro nro. 7249)
[ vista simple ]
| 000 -LEADER | |
|---|---|
| fixed length control field | 01680nam a22002537a 4500 |
| 003 - CONTROL NUMBER IDENTIFIER | |
| control field | OSt |
| 005 - DATE AND TIME OF LATEST TRANSACTION | |
| control field | 20210219111125.0 |
| 008 - FIXED-LENGTH DATA ELEMENTS--GENERAL INFORMATION | |
| fixed length control field | 210219s1993 ck ac||gr|||| 00| 0 spa d |
| 020 ## - INTERNATIONAL STANDARD BOOK NUMBER | |
| International Standard Book Number | 958942712X |
| 040 ## - CATALOGING SOURCE | |
| Original cataloging agency | CO-JMCR |
| Transcribing agency | CO-JMCR |
| 041 0# - LANGUAGE CODE | |
| Language code of text/sound track or separate title | spa |
| 082 04 - DEWEY DECIMAL CLASSIFICATION NUMBER | |
| Classification number | 321.8 / |
| Item number | H553c |
| Edition number | 23 |
| 100 1# - MAIN ENTRY--PERSONAL NAME | |
| Personal name | Hermet, Guy, |
| Relator term | autor |
| 9 (RLIN) | 13680 |
| 245 10 - TITLE STATEMENT | |
| Title | Cultura y democracia / |
| Statement of responsibility, etc. | Guy Hermet |
| 260 ## - PUBLICATION, DISTRIBUTION, ETC. | |
| Place of publication, distribution, etc. | Bogotá : |
| Name of publisher, distributor, etc. | Instituto para el Desarrollo de la Democracia Luis Carlos Galán, |
| Date of publication, distribution, etc. | 1995 impresión |
| 300 ## - PHYSICAL DESCRIPTION | |
| Extent | 186 páginas : |
| Other physical details | ilustraciones y retratos a blanco y negro ; |
| Dimensions | 23 cm. |
| 490 0# - SERIES STATEMENT | |
| Series statement | Programa educación para la democracia |
| 505 0# - FORMATTED CONTENTS NOTE | |
| Formatted contents note | ¿Qué es la democracia? -- Las fuentes de la democracia? -- Conciliar el pluralismo y el interés general -- Valores democráticos y valores religiosos -- La era de las democracias pobres -- Requisitos para el éxito de las transiciones -- ¿Como convertirse en ciudadano? -- La democracia en el orden internacional |
| 520 3# - SUMMARY, ETC. | |
| Summary, etc. | El libro de Guy Hermet, Cultura y Democracia viene a enriquecer el pensamiento sobre este asunto primordial del mundo contemporáneo. Da claves para interpretar un movimiento internacional: la democracia y las formas particulares que el pluralismo le asigna en cada región y en cada país. Recrea una conceptualización y la enriquece en el contexto de las realidades actuales. Muestra los problemas que aquejan a la construcción y consolidación de la democracia, atendiendo al desarrollo histórico, social, económico, cultural desigual y diferente de los distintos continentes y sociedades. |
| 650 14 - SUBJECT ADDED ENTRY--TOPICAL TERM | |
| Topical term or geographic name entry element | Democracia |
| 9 (RLIN) | 13681 |
| 650 14 - SUBJECT ADDED ENTRY--TOPICAL TERM | |
| Topical term or geographic name entry element | Igualdad |
| 9 (RLIN) | 3809 |
| 650 14 - SUBJECT ADDED ENTRY--TOPICAL TERM | |
| Topical term or geographic name entry element | Cultura |
| 9 (RLIN) | 3933 |
| 942 ## - ADDED ENTRY ELEMENTS (KOHA) | |
| Source of classification or shelving scheme | Dewey Decimal Classification |
| Koha item type | Books |
| Withdrawn status | Lost status | Source of classification or shelving scheme | Damaged status | Not for loan | Collection code | Home library | Current library | Date acquired | Source of acquisition | Total Checkouts | Full call number | Barcode | Date last seen | Date last checked out | Copy number | Price effective from | Koha item type |
|---|---|---|---|---|---|---|---|---|---|---|---|---|---|---|---|---|---|
| Dewey Decimal Classification | Non-fiction | Biblioteca Pública José María del Castillo y Rada | Biblioteca Pública José María del Castillo y Rada | 10/02/2020 | Donación | 1 | 321.8 / H553c | 201810312 | 03/26/2026 | 03/26/2026 | Ej.1 | 02/19/2021 | Books |